| 000 | 00473nam a2200145 i 4500 | ||
|---|---|---|---|
| 001 | 76808 | ||
| 003 | ES-MaACL | ||
| 007 | t| | ||
| 008 | 041005s1929 fr ||||1| fre d | ||
| 245 | 0 | 0 |
_aGuide national des artistes lyriques, dramatiques, cinematographiques, peintres et sculpteurs / _cpreface de Paul Gregorio. |
| 260 |
_aParis : _b[s.n., _c1929] ( _eCorbeil : _fCrété) |
||
| 300 |
_a384 p. ; _c28 cm. |
||
| 700 | 1 |
_aGregorio, Paul. _959901 |
|
| 852 |
_aES-MaACL _jB-4968 |
||
| 999 |
_c76808 _d76808 |
||